00901nam a22003017a 450000100060000000300090000600500170001500700060003200800300003802000060006804000220007404100110009609200170010710000250012424000060014924501080015526000410026330000230030449000180032770000280034583000180037391000100039194200120040194500270041395201030044095600390054399900170058200268DO-SdBNP20180124144019.000268151207b 1996 sp 0| 0 spa d a  aBPMSUbspacBPMSU aspah  axxxxxbxxxxx1 aStine, R. L.,d1943- a 10aPesadillas :b los espantapájaros andan a medianoche / cR.L. Stine ; traducción Magdalena Ferrer. aBarcelona : bPrimera Plana, c1996. a139 p. ; c19 cm. 1 aPesadillasv212aFerrer, Magdalena,dtr. 0aPesadillasv2 a00260 2ddccBK aInventariado, 2018 /LP 00102ddc40708CGaBPMETbBPMETd2016-07-18eFUNDIl0pBPMSU16070532r2016-07-18w2016-07-18yBK aVMATEOb10c20160818dBPMSUf00069 c10936d10936